MARC

LEADER 00000nam0a2200000 4500
001 92611
005 20231031104739.0
035 |a (RuTPU)RU\TPU\book\99216 
090 |a 92611 
100 |a 20060315d1968 k y0rusy50 ca 
101 0 |a rus 
102 |a RU 
105 |a a z 001zy 
200 1 |a Кинематика ядерных реакций  |f А. М. Балдин [и др.] 
205 |a 2-е изд., перераб. и доп. 
210 |a Москва  |c Атомиздат  |d 1968 
215 |a 455 с.  |c ил. 
320 |a Библиогр.: с. 448-452 
610 1 |a реакции 
610 1 |a ядерные реакции 
610 1 |a фотоны 
610 1 |a кинематика 
610 1 |a квантовая теория 
610 1 |a свойства 
675 |a 539.172  |v 3 
701 1 |a Балдин  |b А. М.  |g Александр Михайлович 
701 1 |a Гольданский  |b В. И. 
701 1 |a Максименко  |b В. М. 
701 1 |a Розенталь  |b И. Л. 
801 1 |a RU  |b 63413507  |c 20060315  |g PSBO 
801 2 |a RU  |b 63413507  |c 20150421  |g PSBO 
942 |c BK